ARRUPE JESUIT UNIVERSITY

CORONAVIRUS -STOP THE SPREAD - CLEAN,DISINFECT,COVER

The body and society (Record no. 15203)

MARC details
000 -LEADER
fixed length control field 00551nam a2200217Ia 4500
003 - CONTROL NUMBER IDENTIFIER
control field 0100
005 - DATE AND TIME OF LATEST TRANSACTION
control field 20180323091251.0
008 - FIXED-LENGTH DATA ELEMENTS--GENERAL INFORMATION
fixed length control field 130303s9999 xx 000 0 und d
020 ## - INTERNATIONAL STANDARD BOOK NUMBER
International Standard Book Number 231061005
040 ## - CATALOGING SOURCE
Transcribing agency ARRUPELIB
050 ## - LIBRARY OF CONGRESS CALL NUMBER
Classification number BT708.B77 1988
300 ## - PHYSICAL DESCRIPTION
Dimensions 24cm.
100 ## - MAIN ENTRY--PERSONAL NAME
Personal name Brown, Peter
9 (RLIN) 40892
245 #4 - TITLE STATEMENT
Title The body and society
Remainder of title men, women and sexual renunciation in early Christianity
Statement of responsibility, etc Peter Brown
260 ## - PUBLICATION, DISTRIBUTION, ETC. (IMPRINT)
Place of publication, distribution, etc New York
Name of publisher, distributor, etc Columbia University Press
Date of publication, distribution, etc 1988
300 ## - PHYSICAL DESCRIPTION
Extent 504 p. ;
440 ## - SERIES STATEMENT/ADDED ENTRY--TITLE
Title Lectures on the history of religions
9 (RLIN) 40893
650 ## - SUBJECT ADDED ENTRY--TOPICAL TERM
Topical term following geographic name as entry element Celibacy
General subdivision Christianity
-- History of doctrines
Chronological subdivision Early Church, ca. 30-600
9 (RLIN) 40894
650 ## - SUBJECT ADDED ENTRY--TOPICAL TERM
Topical term following geographic name as entry element Virginity
General subdivision Religious aspects
-- Christianity
-- History of doctrines
Chronological subdivision Early Church, ca. 30-300
9 (RLIN) 40895
650 ## - SUBJECT ADDED ENTRY--TOPICAL TERM
Topical term following geographic name as entry element Sex
General subdivision Religious aspects
-- Christianity
-- History of doctrines
Chronological subdivision Early Church, ca. 30-300
9 (RLIN) 40896
650 ## - SUBJECT ADDED ENTRY--TOPICAL TERM
Topical term following geographic name as entry element Asceticism
General subdivision History
Chronological subdivision Early Church, ca. 30-300
9 (RLIN) 40897
942 ## - ADDED ENTRY ELEMENTS (KOHA)
Source of classification or shelving scheme Library of Congress Classification
Koha item type Monograph ( Printed materials)
Holdings
Withdrawn status Lost status Source of classification or shelving scheme Damaged status Not for loan Collection code Home library Current library Shelving location Date acquired Total Checkouts Full call number Barcode Date last seen Copy number Price effective from Koha item type Date checked out
    Library of Congress Classification     Main Collection ARRUPE LIBRARY ARRUPE LIBRARY Main Collection 04/03/2013   BT708.B77 1988 46003045300 01/12/2016 1 04/03/2013 Monograph ( Printed materials)  
    Library of Congress Classification     Main Collection ARRUPE LIBRARY ARRUPE LIBRARY Main Collection 23/03/2018 1 BT708.B77 1988 46600001844 02/05/2018 2 23/03/2018 Monograph ( Printed materials) 09/04/2018

 

Arrupe Library. PO Box MP320 Mt Pleasant, Harare, Zimbabwe
263 242 745411|librarian@aju.ac.zw